Pokemon Sword and Shield Quiz: DLC Version - Statistics

General Stats
  • This quiz has been taken 50 times
  • The average score is 8 of 10
Answer Stats
Question Answer % Correct
What pokemon chases you around in the Isle of Armor ocean? Sharpedo
100%
Who does Kubfu evolve into? Urshifu
100%
What pokemon do you get for solving the mystery at Crown Tundra? Calyrex
90%
Which Isle of Armor character specializes in poison-type pokemon?(Sword only) Klara
80%
What do you refer to the dojo master as? Mustard
80%
Which Isle of Armor character specializes in psychic-type pokemon?(Shield only) Avery
70%
What is the place in Crown Tundra where you traverse tunnels to reach the end, fighting dynamax pokemon along the way? Max Lair
70%
Who was once the leader of a Steel-type gym? Peony
70%
What pokemon could you possibly get in the area above? Drapion
50%
How did Klara cheat? By throwing poison spikes on the field
40%
No matching quizzes found
Score Distribution
Percent of People with Each Score
Percentile by Number Answered
Your Score History
You have not taken this quiz